LEADER 01010nam a2200241 i 4500 001 000000048506 003 CaOOAMICUS 005 20110325000000.0 008 110325s1995 it u000 u ita u 013 $a19676 040 $aSeMil$bita 245 10$aSecolo 13. 300 $a1035 p. 600 04$aAntonio : da Padova .$0(OLS)http://semarc/subject/2023 600 04$aBonaventura : da Bagnorea .$0(OLS)http://semarc/subject/524 650 4$aFrancescanesimo - Spiritualitą.$0(OLS)http://semarc/subject/9908 650 4$aMistica cristiana - Testi.$0(OLS)http://semarc/subject/5245 773 0 $tDizionario francescano.$dPadova : EFR, Editrici Francescane, [198.]$w()23266 773 0 $tMistici.$dMilano : EFR, Editrici Francescane, 1995.$g1$w()24635 850 $aSeMil 852 $aSeMil$W1$xVenegono$y1$m2C V 451$j14661$B14661$CSeMilBibl$Z2$F14661 $81 961 $aSottoscrizione: Cittą Nuova (Agente) 996 $6245$aSecolo 13$9(OLS)http://semarc/title/73430 LEADER 00925nam a2200193 i 4500 001 000000057298 003 CaOOAMICUS 005 19970930000000.0 008 970930n it u000 u ita u 013 $a28470 040 $aSeMil$bita 100 0 $aFilippo : da Cagliari,$c.$0(OLS)http://semarc/name/29104 245 10$aCristo glorificato datore di Spirito Santo :$bnel pensiero di S. Agostino e di S. Cirillo Alessandrino. 600 04$aAgostino, Aurelio .$0(OLS)http://semarc/subject/1856 600 04$aCirillo : Alessandrino .$0(OLS)http://semarc/subject/7300 650 4$aTesi di laurea.$0(OLS)http://semarc/subject/1690 850 $aSeMil 852 $aSeMil$W1$xVenegono$y1$m2I V 243$j23452$B23452$CSeMilBibl$Z2$F23454 $81 996 $6245$aCristo glorificato datore di Spirito Santo :$bnel pensiero di S. Agostino e di S. Cirillo Alessandrino$9(OLS)http://semarc/title/89155